[Event "Titled Tue 14th May Late"]
[Site "chess.com INT"]
[Date "2024.05.14"]
[Round "6"]
[White "Le, Quang Liem"]
[Black "Nasuta, G."]
[Result "1-0"]
[WhiteElo "2731"]
[BlackElo "2547"]
[PlyCount "59"]
[EventDate "2024.05.14"]

1. Nf3 d5 2. e3 Nf6 3. c4 c6 4. Nc3 e6 5. b3 Bd6 6. Bb2 O-O 7. Be2 b6 8. Qc2 Bb7 9. g4 ({RR} 9. Rg1 e5 10. g4 Na6 11. g5 Nd7 12. a3 Rc8 13. h4 e4 14. Nd4 Ne5 15. f4 exf3 16. Nxf3 Nxf3+ 17. Bxf3 Qe7 18. h5 Rfd8 19. Bg4 Rc7 20. Bf5 d4 21. Ne4 Be5 22. O-O-O Kh8 23. h6 g6 {Le,Q (2741)-Mohammad Fahad,R (2419) Budapest HUN 2024 1-0 (34)}) 9... Nxg4 10. Rg1 f5 11. h3 $146 ({RR} 11. cxd5 cxd5 12. Nb5 Nc6 13. Nxd6 Qxd6 14. Bxg7 Kxg7 15. h3 e5 16. hxg4 Rac8 17. Nh4 Ne7 18. Nxf5+ Nxf5 19. gxf5+ Kh8 20. Qb2 d4 21. Rg4 Qh6 22. d3 Rxf5 23. exd4 Rh5 24. Rg3 Rh1+ 25. Bf1 Rg8 {Zwardon,V (2466)-Jogstad,M (2334) Braganca POR 2021 1-0 (52)}) 11... Nf6 12. cxd5 cxd5 13. Nd4 Qe7 14. Ncb5 Na6 15. Nxd6 Qxd6 16. f4 Rac8 17. Qd1 Nc5 18. Rc1 Qe7 19. Kf1 Rf7 20. Nf3 Nfd7 21. Ng5 Rff8 22. Qe1 Nf6 23. Qh4 h6 24. Nf3 Kh7 25. Ne5 Nce4 26. Ng6 Nxd2+ 27. Ke1 Qb4 28. Nxf8+ Kg8 29. Rxg7+ Kxg7 30. Qxf6+ 1-0

[Event "Titled Tue 14th May Late"]
[Site "chess.com INT"]
[Date "2024.05.14"]
[Round "9"]
[White "Duda, J."]
[Black "Kuzubov, Y."]
[Result "1-0"]
[WhiteElo "2734"]
[BlackElo "2606"]
[PlyCount "137"]
[EventDate "2024.05.14"]

1. Nf3 d5 2. c4 d4 3. b4 g5 4. Qb3 Bg7 5. Nxg5 ({RR} 5. g3 g4 6. Nh4 e5 7. e3 Bf6 8. exd4 exd4 9. Bb2 Ne7 10. Na3 a5 11. Qa4+ Bd7 12. b5 Na6 13. Qxa5 Nc5 14. Qb4 b6 15. d3 Ra4 16. Qd2 Bxh4 17. gxh4 Qa8 18. Rg1 Rxa3 19. Bxa3 Qxa3 {Gilbert,A (1797)-Levin,A (2016) Reykjavik ISL 2025 0-1 (35)}) 5... e5 6. Nh3 Ne7 7. g3 a5 $146 ({RR} 7... Bf5 8. Bg2 c6 9. d3 h6 10. Nd2 Nd7 11. Ne4 O-O 12. Nd6 Be6 13. Nxb7 Qc7 14. Na5 Rab8 15. Bd2 f5 16. f3 c5 17. b5 Ng6 18. Nf2 Nf6 19. Nc6 Rb7 20. Qa3 Qd6 21. Nxe5 Nxe5 22. f4 {Duda,J (2732)-Klimkowski,J (2531) chess.com INT 2024 0-1 (38)}) 8. b5 Nd7 9. Ba3 e4 10. Bg2 a4 11. Qd1 d3 12. Nc3 Ne5 13. O-O Nxc4 14. Bxe7 Qxe7 15. exd3 exd3 16. Re1 Be6 17. Bxb7 Rd8 18. Bc6+ Kf8 19. Nf4 Bxc3 20. dxc3 d2 21. Nxe6+ fxe6 22. Re4 Qc5 23. Qg4 Rg8 24. Qf4+ Kg7 25. Rd1 Nd6 26. Rxe6 Rgf8 27. Qd4+ Qxd4 28. cxd4 Nc4 29. d5 Rf3 30. Kg2 Rc3 31. Re2 Rc2 32. a3 Rf8 33. Re7+ Rf7 34. d6 cxd6 35. Rxf7+ Kxf7 36. Bd5+ Kf6 37. Bxc4 Rxc4 38. Rxd2 Ke7 39. b6 Kd7 40. b7 Kc7 41. Rxd6 Rc3 42. Rb6 Kb8 43. h4 Rxa3 44. Rb4 Ra1 45. h5 a3 46. Rb3 a2 47. Ra3 Kxb7 48. g4 Kc6 49. g5 Kd6 50. g6 hxg6 51. h6 Rb1 52. Rxa2 Rb5 53. Ra6+ Ke7 54. Rxg6 Kf7 55. Ra6 Rg5+ 56. Kh3 Rh5+ 57. Kg4 Rb5 58. f4 Rc5 59. Rb6 Ra5 60. Rc6 Rb5 61. Rd6 Ra5 62. Rd7+ Kg8 63. Rg7+ Kh8 64. Rf7 Kg8 65. Rf5 Ra6 66. Kg5 Ra1 67. Kg6 Rg1+ 68. Rg5 Ra1 69. f5 1-0

[Event "Titled Tue 14th May Late"]
[Site "chess.com INT"]
[Date "2024.05.14"]
[Round "11"]
[White "Svane, R."]
[Black "Hong, Andrew"]
[Result "1-0"]
[WhiteElo "2635"]
[BlackElo "2550"]
[PlyCount "123"]
[EventDate "2024.05.14"]

1. Nf3 d6 2. d4 g6 3. e4 Bg7 4. Bd3 a6 5. O-O b5 ({RR} 5... Nd7 6. c3 e6 7. Re1 Ne7 8. Be3 O-O 9. Nbd2 c5 10. a4 cxd4 11. cxd4 Nf6 12. Qb3 b6 13. Qa3 Bb7 14. Bf4 Ne8 15. h4 h6 16. Rac1 b5 17. Bg3 bxa4 18. Qxa4 a5 19. Bb1 Ra6 20. Qa3 {LCZero 0.30-dag-9a9c42d_78496 (3599)-Stockfish dev16_20221027 (3625) tcec-chess.com INT 2022 ½-½ (95)}) 6. a4 ({RR} 6. Re1 Bb7 7. a4 b4 8. c3 c5 9. Be3 Nd7 10. Nbd2 e6 11. cxb4 cxb4 12. Nc4 Nb6 13. Nxb6 Qxb6 14. d5 Qc7 15. Rc1 Qd7 16. dxe6 fxe6 17. Qb3 Ne7 18. Ng5 d5 19. Bc5 O-O 20. Qxb4 Nc6 {Svane,R (2627)-Karamsetty,J (2222) chess.com INT 2024 1-0 (37)}) 6... bxa4 $146 ({RR} 6... b4 7. c3 a5 8. Nbd2 Ba6 9. Bxa6 Nxa6 10. Re1 e6 11. Nc4 Nb8 12. Qb3 bxc3 13. bxc3 Ne7 14. e5 O-O 15. exd6 cxd6 16. Ba3 d5 17. Nce5 Qc7 18. Rab1 Rc8 19. Qb7 Nbc6 20. Nxf7 Qxb7 21. Rxb7 {Priasmoro,N (2512)-Brown,A (2279) chess.com INT 2022 1-0 (39)}) ({RR} 6... b4 7. c3 bxc3 8. Nxc3 Nd7 9. Re1 e6 10. e5 d5 11. b4 Ne7 12. Ba3 O-O 13. b5 Nb6 14. Rc1 Bb7 15. Nd2 Bh6 16. Rc2 Re8 17. a5 Nc4 18. Nxc4 dxc4 19. Bxc4 Nf5 20. Ne4 Bxe4 21. Rxe4 {Gavrilescu,D (2524)-Akhilbay,I (2270) chess.com INT 2024 1-0 (38)}) 7. Rxa4 Nf6 8. Re1 O-O 9. e5 Nd5 10. Be4 c6 11. Bg5 Re8 12. exd6 Qxd6 13. Nbd2 Nb6 14. Ra3 Be6 15. c3 N8d7 16. Qa1 h6 17. Bh4 f5 18. Bg3 f4 19. Bxf4 Qxf4 20. Bxc6 Bd5 21. Bxa8 Bxa8 22. Rxa6 g5 23. h3 h5 24. Qb1 g4 25. Qg6 Rf8 26. Rxe7 Qf6 27. Re6 Qxg6 28. Rxg6 gxf3 29. Nxf3 Bxf3 30. gxf3 Nc4 31. Ra7 Rf7 32. b4 Nd2 33. Rd6 Nxf3+ 34. Kf1 Nf6 35. Rxf7 Kxf7 36. b5 Bf8 37. Rc6 Nd7 38. b6 Nd2+ 39. Ke2 Ne4 40. b7 Bd6 41. Ke3 Nb8 42. Kxe4 Nxc6 43. Kd5 Na5 44. Kxd6 Nxb7+ 45. Kc7 Na5 46. d5 Nc4 47. d6 Ne5 48. d7 Nxd7 49. Kxd7 Kf6 50. c4 Ke5 51. c5 Kf4 52. c6 Kf3 53. c7 Kxf2 54. c8=Q Kg3 55. Kd6 Kh4 56. Qf5 Kg3 57. Qxh5 Kh2 58. Qg4 Kh1 59. Ke5 Kh2 60. Ke4 Kh1 61. Kf3 Kh2 62. Qg2# 1-0

[Event "TCh-CZE Extraliga 2023-24"]
[Site "Czech Republic CZE"]
[Date "2024.04.05"]
[Round "9.2"]
[White "Saric, Iv"]
[Black "Neugebauer, Martin"]
[Result "1-0"]
[WhiteElo "2647"]
[BlackElo "2529"]
[PlyCount "71"]
[EventDate "2023.10.14"]
[WhiteTeam "Sachovy klub Moravska Slavia"]
[BlackTeam "Sigil Fund Pardubice"]

1. Nf3 Nf6 2. g3 b6 3. Bg2 Bb7 4. O-O e6 5. c4 Be7 6. Nc3 O-O 7. Qc2 c5 8. e4 d6 9. d4 cxd4 10. Nxd4 Qc7 11. Ndb5 Qc6 12. b3 a6 13. Nd4 Qc7 14. Bb2 $146 ({RR} 14. Qd2 Nbd7 15. Bb2 Rac8 16. Rfe1 Rfd8 17. Rad1 Bf8 18. Kh1 g6 19. f4 Bg7 20. f5 exf5 21. exf5 Ne5 22. Nd5 Nxd5 23. cxd5 Re8 24. fxg6 hxg6 25. Nc6 Qd7 26. Qd4 b5 27. Re2 f6 28. Rc2 Ng4 {Caravan,M (2195)-Baciu,A (2140) Bucharest 1997 0-1 (47)}) 14... Nbd7 15. Rad1 Rac8 16. Qe2 Rfe8 17. f4 Bf8 18. g4 Nb8 19. g5 Nfd7 20. h4 Nc6 21. Nc2 Qb8 22. Ne3 b5 23. Kh1 Nc5 24. Ng4 bxc4 25. bxc4 Na5 26. Ba1 Qc7 27. Rf3 Nd7 28. Rg3 g6 29. h5 Nxc4 30. Nf6+ Nxf6 31. gxf6 Qa5 32. hxg6 fxg6 33. e5 Qc7 34. Ne4 Bh6 35. exd6 Qd7 36. Qh5 1-0

[Event "7th Salamanca Masters"]
[Site "Salamanca ESP"]
[Date "2024.05.23"]
[Round "3.2"]
[White "Ponomariov, R."]
[Black "Alekseenko, K."]
[Result "1-0"]
[WhiteElo "2646"]
[BlackElo "2677"]
[PlyCount "89"]
[EventDate "2024.05.22"]

1. Nf3 d5 2. e3 Nf6 3. c4 e6 4. Nc3 Bd6 5. b3 O-O 6. Bb2 Re8 7. Nb5 Be7 8. Be2 ({RR} 8. Be5 Na6 9. Be2 Ne4 10. O-O c6 11. Nc3 f6 12. Bg3 Nxc3 13. dxc3 e5 14. Qc2 Be6 15. Rad1 Qb6 16. Nd2 Rad8 17. Bd3 e4 18. Be2 f5 19. b4 Rd7 20. Nb3 dxc4 21. Nd4 Bd5 22. Nxf5 Bf6 {Keymer,V (2726)-Wei Yi (2755) Warsaw POL 2024 ½-½ (72)}) ({RR} 8. Be5 Na6 9. Be2 c6 10. Nc3 Nc5 11. O-O a5 12. d4 Ncd7 13. Bg3 Nh5 14. Bd3 Nxg3 15. hxg3 h6 16. Qc2 Bd6 17. e4 dxc4 18. Bxc4 e5 19. Rad1 exd4 20. Nxd4 Nb6 21. Nf5 Bxf5 22. exf5 Nxc4 {Kaustuv,K (2407)-Iniyan,P (2567) Jharkhand IND 2025 0-1 (34)}) 8... a6 9. Nc3 b6 $146 ({RR} 9... c5 10. cxd5 exd5 11. d4 Nc6 12. O-O Bg4 13. dxc5 Bxc5 14. Rc1 Ba7 15. Na4 Ne4 16. Nd4 Bxe2 17. Nxe2 Qd6 18. Nac3 Rad8 19. Qd3 Nb4 20. Qd1 Nxf2 21. Rxf2 Bxe3 22. Ng3 Qf4 23. Nh1 d4 24. Ne2 {Zhao,Y (2477)-Dai,C (2509) Hohhot CHN 2024 ½-½ (36)}) 10. cxd5 exd5 11. O-O Nbd7 12. d4 Bd6 13. a4 Qe7 14. Qc1 Bb7 15. Ba3 c5 16. Rd1 Rac8 17. Ra2 Ne4 18. Rc2 Ndf6 19. Nxe4 Nxe4 20. Bd3 c4 21. Bxd6 Nxd6 22. bxc4 dxc4 23. Bxc4 Bxf3 24. gxf3 Qf6 25. Kg2 Qg6+ 26. Kf1 Qh5 27. Ke2 b5 28. Bd3 bxa4 29. Bxa6 Ra8 30. Bd3 a3 31. Ra2 Rec8 32. Qd2 f5 33. Rc1 Ne4 34. Qe1 Ng5 35. Rxc8+ Rxc8 36. Qh1 Rc3 37. h4 f4 38. Ra1 Ne4 39. Qb1 Nf6 40. Qb8+ Kf7 41. Rb1 Rxd3 42. Kxd3 a2 43. Qa7+ Kg6 44. Rg1+ Kh6 45. Qxg7# 1-0

[Event "Titled Tue 21st May Early"]
[Site "chess.com INT"]
[Date "2024.05.21"]
[Round "5"]
[White "Santos Latasa, J."]
[Black "Postny, E."]
[Result "1-0"]
[WhiteElo "2626"]
[BlackElo "2600"]
[PlyCount "87"]
[EventDate "2024.05.21"]

1. Nf3 {Bulletin} d5 2. e3 c5 3. c3 Nc6 4. d4 e6 5. Nbd2 Nf6 6. Bd3 Qc7 7. O-O b6 8. e4 cxd4 9. cxd4 Nb4 10. Bb5+ Bd7 11. Bxd7+ Nxd7 12. a3 dxe4 13. Nxe4 $146 ({RR} 13. axb4 exf3 14. Qxf3 Rd8 15. Ne4 Bxb4 16. Bf4 Qc4 17. Rxa7 Qd5 18. Nd6+ Ke7 19. Qxd5 exd5 20. h4 Ke6 21. Nb5 Kf5 22. g3 Rhe8 23. Bd6 Bd2 24. Rd1 Bh6 25. Kf1 Re6 26. Bc7 Rg8 27. Nd6+ Kg6 {Wockenfuss,K (2320)-Mandl,R (2430) Bayern 1995 EXT 1999 [Bulletin] 1-0 (36)}) 13... Nd5 14. Bg5 h6 15. Rc1 Qb7 16. Bh4 N7f6 17. Nxf6+ gxf6 18. Bg3 Bg7 19. Re1 O-O 20. Nd2 Rac8 21. Nc4 Qd7 22. Qh5 Kh7 23. h3 b5 24. Nd6 Rxc1 25. Rxc1 f5 26. Be5 f6 27. Bh2 f4 28. Ne4 Rc8 29. Nc5 Qe8 30. Qf3 f5 31. Qd3 Qg6 32. b4 f3 33. Qxf3 Bxd4 34. Bd6 Bg7 35. Re1 Re8 36. h4 h5 37. Qd3 Bh6 38. Qxb5 Rg8 39. g3 f4 40. Nxe6 fxg3 41. Bxg3 Nf4 42. Qd7+ Kh8 43. Nxf4 Bxf4 44. Qd4+ 1-0

[Event "Titled Tue 21st May Early"]
[Site "chess.com INT"]
[Date "2024.05.21"]
[Round "6"]
[White "Santos Latasa, J."]
[Black "Alonso Rosell, A."]
[Result "1-0"]
[WhiteElo "2626"]
[BlackElo "2556"]
[PlyCount "137"]
[EventDate "2024.05.21"]

1. Nf3 d5 2. e3 Nf6 3. c4 e6 4. b3 Bd6 5. Bb2 O-O 6. Be2 Re8 7. d4 b6 8. O-O Bb7 9. Nbd2 Nbd7 10. Rc1 $146 ({RR} 10. Ne5 c5 11. Nxd7 Nxd7 12. cxd5 Bxd5 13. e4 Bb7 14. Nc4 Be7 15. e5 Nf8 16. Bf3 Bxf3 17. Qxf3 b5 18. Na3 a6 19. Nc2 Ng6 20. Rfd1 Qc7 21. Qe4 Rac8 22. Ne3 cxd4 23. Bxd4 Qc6 24. Qg4 Red8 {Santos Latasa,J (2631)-Sargsyan,S (2649) chess.com INT 2024 0-1 (71)}) ({RR} 10. Ne5 c5 11. f4 cxd4 12. exd4 dxc4 13. bxc4 Qc7 14. Bf3 Rac8 15. a3 Nf8 16. h4 Red8 17. Rc1 N6d7 18. Qe2 f6 19. Nd3 Bxf3 20. Rxf3 Re8 21. h5 f5 22. h6 Ng6 23. Ne5 Ndxe5 24. fxe5 Bf8 {Cerveny,M (2328)-Zeman,M (2332) Czech Republic CZE 2025 ½-½ (65)}) 10... c5 11. cxd5 Bxd5 12. Nc4 Bf8 13. dxc5 Nxc5 14. Nfe5 Rc8 15. f3 b5 16. Nd2 Qa5 17. a3 Qb6 18. Bd4 Qb8 19. b4 Na4 20. Nb1 Bd6 21. f4 Qb7 22. Bf3 Rxc1 23. Qxc1 Bxf3 24. gxf3 Rc8 25. Qd2 Nb6 26. Nc3 Nbd5 27. Rc1 Nxc3 28. Rxc3 Nd5 29. Rxc8+ Qxc8 30. Bxa7 Qa6 31. Bc5 Bxc5 32. bxc5 Qxa3 33. c6 Qc5 34. Kf2 f6 35. Nd3 Qxc6 36. e4 Qb6+ 37. Ke2 Ne7 38. Nb4 Nc6 39. Qd7 Nd4+ 40. Kd3 h5 41. Qxd4 Qa5 42. Qc3 Qa4 43. Ke2 Kh7 44. Kf2 Qd1 45. e5 f5 46. Nc2 Qh1 47. Nd4 Qxh2+ 48. Ke3 Qg1+ 49. Ke2 Qg2+ 50. Kd3 h4 51. Qe1 h3 52. Qh4+ Kg8 53. Nxe6 Qxf3+ 54. Kd4 Qe4+ 55. Kc5 Qc4+ 56. Kd6 Qb4+ 57. Kd7 Qd2+ 58. Ke8 Qd5 59. Ke7 Qb7+ 60. Kd6 Qb6+ 61. Kd5 Qb7+ 62. Kc5 Qc8+ 63. Kd6 Qa6+ 64. Kd7 Qb7+ 65. Nc7 Qg2 66. e6 Qd2+ 67. Kc8 Qg2 68. e7 h2 69. e8=Q# 1-0

[Event "Titled Tue 21st May Early"]
[Site "chess.com INT"]
[Date "2024.05.21"]
[Round "7"]
[White "Cordova, E."]
[Black "Duda, J."]
[Result "1-0"]
[WhiteElo "2540"]
[BlackElo "2733"]
[PlyCount "91"]
[EventDate "2024.05.21"]

1. Nf3 Nf6 2. g3 d5 3. Bg2 Bg4 4. O-O Nbd7 5. d4 e6 6. Re1 Be7 ({RR} 6... c6 7. c3 Bd6 8. Nbd2 O-O 9. e4 dxe4 10. Nxe4 Nxe4 11. Rxe4 Nf6 12. Bg5 Bxf3 13. Qxf3 h6 14. Bxf6 Qxf6 15. Qxf6 gxf6 16. Rae1 a5 17. a4 Ra6 18. f4 f5 19. R4e2 Rb6 20. h3 h5 21. Kf2 {Seder,M (2077)-Kargosha,B (2028) chess.com INT 2024 1-0 (35)}) 7. Nbd2 O-O 8. c3 c5 9. a4 $146 ({RR} 9. h3 Bh5 10. g4 Bg6 11. Ne5 cxd4 12. Nxg6 hxg6 13. cxd4 Qb6 14. e3 Rfc8 15. g5 Ne8 16. h4 Nd6 17. Bf1 Rc7 18. Bd3 Rac8 19. h5 Bxg5 20. hxg6 f5 21. Qh5 Bh6 22. Nf3 Ne4 23. Kg2 Ndf6 {Abramovic,B (2373)-Chen,P (2328) Paracin 2019 0-1 (35)}) 9... Rc8 10. a5 a6 11. Qb3 cxd4 12. Nxd4 Nc5 13. Qa2 e5 14. N4f3 Qc7 15. Nf1 h6 16. Be3 Be6 17. Qb1 Nb3 18. Bb6 Qb8 19. Ra4 Nd7 20. Be3 Qc7 21. Nh4 e4 22. f4 Bxh4 23. gxh4 Nxa5 24. Ng3 Nc4 25. Rxc4 dxc4 26. f5 Bd5 27. Qc1 Qc6 28. Kh1 Kh7 29. Rg1 Nf6 30. Bh3 b5 31. Qf1 Rg8 32. Qf4 a5 33. Kg2 b4 34. Kf2 bxc3 35. bxc3 Rce8 36. Bd4 e3+ 37. Bxe3 Ne4+ 38. Ke1 Nxc3 39. f6 Qxf6 40. Bf5+ Kh8 41. Bd4 Nxe2 42. Nxe2 Qa6 43. Rg6 Qxg6 44. Bxg6 Rxe2+ 45. Kxe2 f6 46. Bxf6 1-0

[Event "Titled Tue 21st May Early"]
[Site "chess.com INT"]
[Date "2024.05.21"]
[Round "8"]
[White "Narayanan, SL."]
[Black "Beerdsen, Thomas"]
[Result "1-0"]
[WhiteElo "2695"]
[BlackElo "2501"]
[PlyCount "59"]
[EventDate "2024.05.21"]

1. Nf3 d5 2. e3 Nc6 3. Bb5 Bg4 4. h3 Bxf3 5. Bxc6+ bxc6 6. Qxf3 g6 $146 ({RR} 6... e5 7. c4 e4 8. Qe2 Nf6 9. O-O Bd6 10. d3 exd3 11. Qxd3 O-O 12. Nc3 Rb8 13. b3 Qe7 14. Bb2 Qe5 15. f4 Qh5 16. Rad1 dxc4 17. Qxc4 c5 18. Ne2 Rb4 19. Qc2 Qg6 20. Qxg6 hxg6 21. Nc3 {Damjanovic,V (2361)-Reprintsev,A (2230) chess.com INT 2024 ½-½ (56)}) 7. c4 Bg7 8. Nc3 Nf6 9. O-O O-O 10. d4 Rb8 11. Rd1 e6 12. b3 Qe7 13. Qe2 Rfd8 14. Qc2 c5 15. Ba3 Nd7 16. cxd5 exd5 17. Nxd5 Qg5 18. Nc3 cxd4 19. exd4 Nf6 20. Be7 Rd7 21. Ne4 Qf4 22. Bxf6 Bxf6 23. Nxf6+ Qxf6 24. Rac1 Rbd8 25. d5 h5 26. Qc6 Qf4 27. Rc4 Qf5 28. Rcd4 Re8 29. g4 hxg4 30. hxg4 1-0

[Event "Titled Tue 21st May Early"]
[Site "chess.com INT"]
[Date "2024.05.21"]
[Round "9"]
[White "Narayanan, Sri"]
[Black "Svidler, P."]
[Result "1-0"]
[WhiteElo "2533"]
[BlackElo "2689"]
[PlyCount "33"]
[EventDate "2024.05.21"]

1. Nf3 g6 2. c4 Bg7 3. g3 f5 4. Bg2 e5 5. Nc3 d6 6. O-O Nf6 7. d3 O-O 8. b4 c6 9. Rb1 a6 10. a4 h6 11. b5 axb5 12. axb5 Be6 13. bxc6 bxc6 14. c5 dxc5 $146 ({RR} 14... Nd5 15. Nxd5 Bxd5 16. cxd6 Qxd6 17. Bb2 Nd7 18. Qc2 Rfb8 19. e4 Bb3 20. Qe2 fxe4 21. dxe4 Qe6 22. Rfc1 Ra2 23. Qd3 Ba4 24. Bc3 Rxb1 25. Qxb1 Qf7 26. Qb4 Bb5 27. h3 Kh7 28. Qd6 Nf8 29. Bxe5 {Shapiro,V (2113)-Khakhinov,I (2236) chess.com INT 2024 1-0 (53)}) 15. Nxe5 Nd5 16. Nxd5 cxd5 17. Nxg6 1-0

[Event "Titled Tue 21st May Early"]
[Site "chess.com INT"]
[Date "2024.05.21"]
[Round "11"]
[White "Sonis, Francesco"]
[Black "Dominguez Perez, L."]
[Result "1-0"]
[WhiteElo "2577"]
[BlackElo "2748"]
[PlyCount "119"]
[EventDate "2024.05.21"]

1. Nf3 Nf6 2. g3 c5 3. c4 Nc6 4. Bg2 d5 5. cxd5 Nxd5 6. Nc3 Nc7 7. d3 e5 8. Nd2 Bd7 9. Nc4 b5 10. Ne3 Be7 11. O-O O-O 12. Ned5 Nxd5 13. Nxd5 Rc8 14. a4 $146 ({RR} 14. f4 Be6 15. Nxe7+ Nxe7 16. e4 Qd4+ 17. Kh1 f6 18. f5 Bf7 19. Qg4 Kh8 20. Rd1 a6 21. Qe2 Nc6 22. Be3 Qd6 23. b3 Nd4 24. Qb2 Rc6 25. g4 a5 26. Kg1 Ra8 27. Bxd4 Qxd4+ 28. Qxd4 cxd4 {Hilbenz,G (1862)-Briata,F (2090) Arco 2020 0-1 (51)}) 14... b4 15. b3 Be6 16. Ne3 Bg5 17. Nc4 Bxc1 18. Rxc1 f6 19. Bxc6 Rxc6 20. Qd2 Qe7 21. Qe3 Rd8 22. f4 exf4 23. Rxf4 Qc7 24. Re4 Re8 25. Nd2 Kf8 26. Qf2 Qd6 27. Rf4 Bd5 28. Nc4 Qe7 29. Na5 Rc7 30. Rf5 Qd6 31. e4 Be6 32. Rfxc5 Rec8 33. Nb7 Rxc5 34. Rxc5 Qe7 35. Rxc8+ Bxc8 36. Nc5 Qd6 37. Qe3 a5 38. d4 Ke8 39. Kf2 h6 40. e5 fxe5 41. Qxe5+ Qxe5 42. dxe5 Bg4 43. Ke3 Bd1 44. Kd4 Ke7 45. Kd5 Bf3+ 46. Kc4 Bc6 47. Kd4 g5 48. Ne4 Ke6 49. Nd2 Be8 50. Nc4 Kf5 51. Nxa5 Kg4 52. Nc4 Kh3 53. a5 Kxh2 54. a6 Kxg3 55. a7 Bc6 56. e6 h5 57. Ne5 h4 58. Nxc6 h3 59. a8=Q h2 60. Ne5 1-0

[Event "Titled Tue 21st May Late"]
[Site "chess.com INT"]
[Date "2024.05.21"]
[Round "1"]
[White "Santos Latasa, J."]
[Black "Kozakov, M."]
[Result "1-0"]
[WhiteElo "2626"]
[BlackElo "2513"]
[PlyCount "93"]
[EventDate "2024.05.21"]

1. Nf3 d5 2. e3 c5 3. b3 Nc6 4. Bb2 a6 5. d4 Nf6 6. Be2 e6 ({RR} 6... Bg4 7. O-O e6 8. Nbd2 Bd6 9. dxc5 Bxc5 10. a3 O-O 11. b4 Ba7 12. c4 Qe7 13. h3 Bh5 14. Rc1 Rfd8 15. Ne5 Nxe5 16. Bxe5 Bxe2 17. Qxe2 dxc4 18. Nxc4 Rac8 19. Qf3 Nd5 20. Nd6 Rxc1 21. Rxc1 {Van Foreest,J (2697)-Sarana,A (2685) chess.com INT 2023 0-1 (40)}) 7. O-O cxd4 ({RR} 7... Qc7 8. c4 dxc4 9. Bxc4 cxd4 10. Nxd4 Ne5 11. Be2 Bd6 12. h3 O-O 13. Nc3 Rd8 14. Rc1 Qe7 15. Qc2 Bd7 16. Rfd1 Rac8 17. Qb1 Bb8 18. Qa1 Ng6 19. Bf3 e5 20. Nc2 e4 21. Be2 Qe5 22. g3 {Serban,C (2295)-Zhou,A (1760) chess.com INT 2025 1-0 (46)}) 8. Nxd4 Be7 $146 ({RR} 8... Bd6 9. c4 Nxd4 10. Qxd4 dxc4 11. Rd1 Be7 12. Qxc4 Bd7 13. Bf3 Rc8 14. Qf4 Rc2 15. Ba3 Qc7 16. Bxe7 Qxf4 17. exf4 Kxe7 18. Bxb7 a5 19. Na3 Rc7 20. Bf3 a4 21. Rdc1 Rxc1+ 22. Rxc1 axb3 23. axb3 {Morozevich,A (2659)-Inarkiev,E (2661) Krasnogorsk 2022 1-0 (58)}) 9. c4 O-O 10. Nxc6 bxc6 11. Qc2 a5 12. Nc3 Ba6 13. Rfd1 Qb8 14. Na4 Rc8 15. Rac1 Qb7 16. h3 Nd7 17. e4 Bf8 18. exd5 cxd5 19. Bf3 Rab8 20. Qb1 Nb6 21. Nxb6 Qxb6 22. cxd5 Rxc1 23. Qxc1 exd5 24. Bxd5 Qg6 25. Qf4 Re8 26. Bc4 Bb7 27. Qg4 Qxg4 28. hxg4 Bc6 29. a4 Bb4 30. f3 Kf8 31. Kf1 f6 32. Bc1 Ke7 33. Bd2 Bxd2 34. Rxd2 Rd8 35. Re2+ Kd6 36. Kf2 Kc5 37. Re7 Rd7 38. Re2 Rb7 39. Bg8 Bd5 40. Rc2+ Kd6 41. Rd2 Kc5 42. Rxd5+ Kb4 43. Rb5+ Rxb5 44. axb5 Kxb5 45. Bxh7 Kb4 46. Bg8 Kc3 47. Ke3 1-0

[Event "12th Norway Chess 2024"]
[Site "Stavanger NOR"]
[Date "2024.06.02"]
[Round "6.1"]
[White "Carlsen, M."]
[Black "Ding Liren"]
[Result "1-0"]
[WhiteElo "2830"]
[BlackElo "2762"]
[PlyCount "59"]
[EventDate "2024.05.27"]

1. Nf3 d5 2. g3 Nf6 3. Bg2 c5 4. O-O e6 5. c4 d4 6. e3 Nc6 7. exd4 cxd4 8. d3 Bd6 9. Nbd2 ({RR} 9. Na3 O-O 10. Nc2 e5 11. b4 Re8 12. Re1 a6 13. a4 Bf5 14. Rb1 Rc8 15. Bg5 h6 16. Bxf6 Qxf6 17. Nh4 Bd7 18. Bd5 b6 19. Qf3 Qxf3 20. Nxf3 Kf8 21. b5 axb5 22. axb5 Ne7 23. Nxe5 Bxe5 {Grischuk,A (2745)-Ding Liren (2811) chess.com INT 2022 0-1 (31)}) 9... O-O 10. Ng5 Be7 $146 ({RR} 10... Bd7 11. f4 h6 12. Nge4 Nxe4 13. Nxe4 Be7 14. Re1 a5 15. Bd2 f5 16. Nf2 a4 17. Rb1 Bd6 18. Re2 Qc7 19. Rc1 b6 20. b4 axb3 21. axb3 Ra2 22. Rb1 Rfa8 23. b4 R8a4 24. Be1 Kh7 25. Rxa2 {Rapport,R (2736)-Sadler,M (2688) England 2019 ½-½}) ({RR} 10... Bd7 11. f4 b6 12. a3 a5 13. g4 Qc7 14. Nde4 Nxe4 15. Nxe4 f5 16. Nxd6 Qxd6 17. g5 Rae8 18. b4 e5 19. b5 Nd8 20. fxe5 Qxe5 21. Bf4 Qc5 22. Qf3 Ne6 23. Qd5 Rf7 24. Bd6 Qc8 25. h4 {Siddharth,J (2496)-Liu,C (2271) Petrovac MNE 2025 ½-½ (49)}) 11. f4 Rb8 12. Qe2 Qc7 13. g4 b5 14. b3 bxc4 15. bxc4 Rb6 16. Nde4 Nxe4 17. Nxe4 Bb7 18. f5 exf5 19. gxf5 Ne5 20. Bf4 f6 21. Rae1 Bxe4 22. Qxe4 Bd6 23. Kh1 Qc5 24. Bg3 Rd8 25. Qe2 Nd7 26. Bf2 Be5 27. Bd5+ Kh8 28. Qh5 Qf8 29. Re4 Rb2 30. Qxh7+ 1-0

[Event "12th Norway Armageddon"]
[Site "Stavanger NOR"]
[Date "2024.05.28"]
[Round "2.2"]
[White "Firouzja, Alireza"]
[Black "Caruana, F."]
[Result "1-0"]
[WhiteElo "2737"]
[BlackElo "2805"]
[PlyCount "91"]
[EventDate "2024.05.27"]

1. Nf3 d5 2. b3 Bf5 3. Bb2 Nf6 4. g3 c5 ({RR} 4... e6 5. Nh4 Be4 6. f3 Bg6 7. Bg2 c5 8. Nxg6 hxg6 9. e4 Nc6 10. Qe2 Nd4 11. Bxd4 cxd4 12. Qb5+ Qd7 13. Qxd7+ Kxd7 14. e5 Ng8 15. c4 dxc3 16. Nxc3 Ne7 17. f4 Nf5 18. Ne2 Rc8 19. Kd1 {Nakamura,H (2787)-Grischuk,A (2767) Moscow 2018 1-0 (40)}) 5. d3 ({RR} 5. Bg2 Nc6 6. O-O Qd7 7. Ne5 Nxe5 8. Bxe5 Bh3 9. e3 Bxg2 10. Kxg2 h5 11. h3 Ne4 12. d3 Ng5 13. h4 f6 14. hxg5 fxe5 15. e4 d4 16. Nd2 g6 17. Nf3 Qd6 18. a3 e6 19. Nh4 Rg8 {Adewumi,T (2352)-Narayanan,S (2422) New York USA 2025 ½-½ (53)}) ({RR} 5. Bg2 Nc6 6. O-O e6 7. d3 Be7 8. Nbd2 O-O 9. Re1 h6 10. e4 Bh7 11. Ne5 Nxe5 12. Bxe5 Nd7 13. Bb2 d4 14. a4 e5 15. f4 Qc7 16. Qf3 b6 17. Bh3 Rae8 18. Nc4 Bd6 19. Bc1 Qc6 {Firouzja,A (2760)-Nepomniachtchi,I (2758) Toronto CAN 2024 ½-½ (44)}) 5... Nc6 6. Nh4 $146 ({RR} 6. Bg2 e6 7. O-O Bd6 8. Nbd2 O-O 9. Nh4 Bg6 10. c4 Be5 11. Bxe5 Nxe5 12. a3 Rb8 13. Qc2 b6 14. Qb2 d4 15. b4 a6 16. a4 b5 17. cxb5 cxb4 18. Qxb4 a5 19. Qb2 Qb6 20. Rfc1 Bxd3 {Ozkan,C-Gaciu,V Vancouver 2006 1-0 (48)}) 6... Bd7 7. Bg2 e5 8. e4 Bg4 9. Qc1 Be7 10. Nc3 d4 11. Ne2 g6 12. h3 Be6 13. Nf3 Nd7 14. h4 h6 15. Qd1 Nf6 16. c3 Ng4 17. cxd4 cxd4 18. a3 a5 19. Rc1 Rc8 20. Nd2 O-O 21. Bh3 b5 22. Nf3 Bd6 23. Qd2 Kh7 24. Rc2 Qf6 25. Neg1 Kg8 26. Kf1 h5 27. Kg2 Bxb3 28. Rc1 b4 29. a4 Ne7 30. Ne2 Rc3 31. Nxc3 dxc3 32. Bxc3 bxc3 33. Qxc3 Bxa4 34. Qxa5 Bd7 35. Qa7 Bc8 36. Rhf1 Bb4 37. Ng5 Bd2 38. Rc7 Re8 39. Nf3 Bb4 40. Qa4 Nc6 41. Qxc6 Qxc6 42. Rxc6 Bd7 43. Rc7 Be6 44. Ng5 Bb3 45. Rb7 Bc5 46. Rxb3 1-0